Statistics for Chvrches - All Songs (UK)

Click here to take the quiz!

General Stats

  • This quiz has been taken 53 times
  • The average score is 16 of 41

Answer Stats

AlbumSong% Correct
The Bones Of What You BelieveThe Mother We Share
87%
Love Is DeadMiracle
78%
Every Open EyeClearest Blue
70%
The Bones Of What You BelieveGun
70%
The Bones Of What You BelieveTether
70%
Every Open EyeLeave A Trace
65%
Every Open EyeBury It
61%
Love Is DeadGet Out
61%
Every Open EyeNever Ending Circles
57%
Love Is DeadGraffiti
52%
The Bones Of What You BelieveLies
52%
Love Is DeadNever Say Die
52%
The Bones Of What You BelieveRecover
52%
The Bones Of What You BelieveWe Sink
52%
Love Is DeadGraves
48%
Every Open EyeMake Them Gold
43%
Love Is DeadMy Enemy
43%
Every Open EyeEmpty Threat
39%
Love Is DeadForever
39%
The Bones Of What You BelieveScience/Visions
39%
Every Open Eye (Deluxe)Bow Down
35%
Love Is DeadHeaven/Hell
35%
Every Open EyeKeep You On My Side
35%
The Bones Of What You BelieveNight Sky
35%
Love Is DeadWonderland
35%
Every Open EyeAfterglow
30%
The Bones Of What You BelieveBy The Throat
30%
Love Is DeadDeliverance
30%
Love Is DeadGod's Plan
26%
Love Is DeadII
26%
The Bones Of What You BelieveLungs
26%
Every Open EyePlaying Dead
26%
The Bones Of What You Believe (iTunes Exclusive)Strong Hand
26%
Every Open EyeHigh Enough To Carry You Over
22%
The Bones Of What You BelieveUnder The Tide
17%
Every Open EyeDown Side Of Me
13%
Every Open Eye (Deluxe)Follow You
13%
Every Open Eye (Deluxe)Get Away
13%
The Bones Of What You BelieveYou Caught The Light
13%
The Bones Of What You Believe (iTunes Exclusive)Broken Bones
9%
Love Is DeadReally Gone
9%

Score Distribution

Percentile by Number Answered

Percent of People with Each Score

Your Score History

You have not taken this quiz